MARC details
| 000 -LEADER |
| fixed length control field |
00712cab a2200181 4500 |
| 001 - CONTROL NUMBER |
| control field |
L130822 |
| 008 - FIXED-LENGTH DATA ELEMENTS--GENERAL INFORMATION |
| fixed length control field |
050902n2005 000 0 eng u |
| 035 ## - SYSTEM CONTROL NUMBER |
| System control number |
(Sirsi) u130822 |
| 041 0# - LANGUAGE CODE |
| Language code of text/sound track or separate title |
eng |
| 245 00 - TITLE STATEMENT |
| Title |
Benchmark |
| Remainder of title |
NHBC housing statistics Q2 2005 |
| 260 ## - PUBLICATION, DISTRIBUTION, ETC. |
| Date of publication, distribution, etc. |
2005 |
| 490 #0 - SERIES STATEMENT |
| Series statement |
Contract Journal |
| Volume/sequential designation |
429(6539) 24 August 2005, 11(1) |
| 520 ## - SUMMARY, ETC. |
| Summary, etc. |
National House Building Council housing statistics for the second quarter 2005. Data shows falls in housing starts, increases in housing completions and little change in the timber frame market share. Tables. |
| 590 ## - LOCAL NOTE (RLIN) |
| Local note |
IKA130905 |
| 651 #4 - SUBJECT ADDED ENTRY--GEOGRAPHIC NAME |
| Geographic name |
United Kingdom |
| Chronological subdivision |
|
| 690 ## - LOCAL SUBJECT ADDED ENTRY--TOPICAL TERM (OCLC, RLIN) |
| Topical term or geographic name as entry element |
PROPERTY-RESIDENTIAL PROPERTY-DOMESTIC RESIDENTIAL PROPERTY-HOUSING |
| 942 ## - ADDED ENTRY ELEMENTS (KOHA) |
| Suppress in OPAC |
0 |